ბათუმის შოთა რუსთაველის სახელმწიფო უნივერსიტეტის ბიბლიოთეკა

Erkundungen Deutsch als Fremdsprache. B2-C1 (ბიბ.ჩანაწერი № 50404)

000 -LEADER
fixed length control field 00506nam a2200217Ia 4500
001 - CONTROL NUMBER
control field 17348
003 - CONTROL NUMBER IDENTIFIER
control field GE_BSU
008 - FIXED-LENGTH DATA ELEMENTS--GENERAL INFORMATION
fixed length control field 181216s||||||||xx |||||||||||||| ||und||
020 ## - INTERNATIONAL STANDARD BOOK NUMBER
International Standard Book Number 9783929526981
040 ## - CATALOGING SOURCE
Transcribing agency GE_BSU
080 ## - UNIVERSAL DECIMAL CLASSIFICATION NUMBER
Universal Decimal Classification number 811.112
100 ## - MAIN ENTRY--PERSONAL NAME
Personal name Raven,Susanne
245 ## - TITLE STATEMENT
Title Erkundungen Deutsch als Fremdsprache. B2-C1
245 ## - TITLE STATEMENT
Remainder of title Lehrerhandbuch
260 ## - PUBLICATION, DISTRIBUTION, ETC.
Place of publication, distribution, etc. Leipzig
260 ## - PUBLICATION, DISTRIBUTION, ETC.
Date of publication, distribution, etc. 2009
300 ## - PHYSICAL DESCRIPTION
Extent 180p.
653 ## - INDEX TERM--UNCONTROLLED
Uncontrolled term Erkundungen Deutsch als Fremdsprache
942 ## - ADDED ENTRY ELEMENTS (KOHA)
Koha item type წიგნი
ეგზემპლარები
Withdrawn status Lost status Damaged status Not for loan Date acquired Barcode Date last seen Price effective from Koha item type
        2018-12-17 1502 2018-12-17 2018-12-17 წიგნი